000 00760nam a2200217Ii 4500
003 JO-AjNU
008 230605s9999||||xx |||||||||||||| ||und||
017 _a2018/5/2604
040 _aJO-AjNU
_bara
_erda
_cJO-AjNU
041 _aara
050 1 4 _aPJ7505.5.S26.A3 2018
100 3 _aالسمرة، محمود,
_eauthor
_958417
245 0 0 _aإيقاع المدى: سيرة ذاتية
264 3 1 _aعمان: وزارة الثقافة، 2018
300 _a215ص
336 _atext
_btxt
_2rdacontent
337 _aunmediated
_bn
_2rdamedia
338 _avolume
_bnc
_2rdacarrier
490 0 _aمكتبة الاسرة الاردنية/ مهرجان القراءة للجميع، 2018
650 4 _a الأدباء الأردنيون -- تراجم 
_958418
999 _aA26232
_c29800
_d29800